00415nam a22001337a 4500003000500000038001800005082000800023100001800031245008700049264003200136650002000168700003600188856005700224NUST aNusrat Nadeem a200 aAdnan Bashir, aReturns to Research and Higher Education: A Case Study of Pakistan/cBashir, Adnan aIslamabad:bS3H NUSTc2024. aPhD- Economics  aSupervisor: Dr. Zahid Siddique uhttp://10.250.8.41:8080/xmlui/handle/123456789/57439